| 000 | 006170000a22001570004500 | ||
|---|---|---|---|
| 003 | MACL | ||
| 005 | 20180118160528.0 | ||
| 008 | 180118b xxu||||| |||| 00| 0 eng d | ||
| 040 | _cmacl | ||
| 100 |
_a सिंह ,निशातं. _969290 |
||
| 245 | _aरोहित ज्ञानविज्ञान एन्साइक्लोपीडियां कीट पतंगाे का जीवन | ||
| 260 |
_a दिल्ली _b ऋचा साहित्य सदन _c2012 |
||
| 350 | _a395 | ||
| 650 |
_aचिल्ड्रन बुक _9159 |
||
| 942 |
_cHIN _k741.642 _2ddc |
||
| 999 |
_c47599 _d47599 |
||